<?xml version="1.0" encoding="UTF-8"?>
<record
    xmlns:xsi="http://www.w3.org/2001/XMLSchema-instance"
    xsi:schemaLocation="http://www.loc.gov/MARC21/slim http://www.loc.gov/standards/marcxml/schema/MARC21slim.xsd"
    xmlns="http://www.loc.gov/MARC21/slim">

  <leader>02670nam a22002297a 4500</leader>
  <controlfield tag="003">OSt</controlfield>
  <controlfield tag="005">20250616094921.0</controlfield>
  <controlfield tag="008">250612b        |||||||| |||| 00| 0 eng d</controlfield>
  <datafield tag="020" ind1=" " ind2=" ">
    <subfield code="a">9780241993255</subfield>
  </datafield>
  <datafield tag="040" ind1=" " ind2=" ">
    <subfield code="c">tbs</subfield>
  </datafield>
  <datafield tag="041" ind1=" " ind2=" ">
    <subfield code="a">eng</subfield>
  </datafield>
  <datafield tag="100" ind1=" " ind2=" ">
    <subfield code="a">Granneman, Jenn</subfield>
    <subfield code="9">25400</subfield>
  </datafield>
  <datafield tag="245" ind1=" " ind2=" ">
    <subfield code="a">Sensitive </subfield>
    <subfield code="b">: the power of a thoughtful mind in an overwhelming world</subfield>
    <subfield code="c">/  Jenn Granneman and Andre S&#xF3;lo</subfield>
  </datafield>
  <datafield tag="260" ind1=" " ind2=" ">
    <subfield code="a">London : </subfield>
    <subfield code="b">Penguin Life</subfield>
    <subfield code="c">2023</subfield>
  </datafield>
  <datafield tag="300" ind1=" " ind2=" ">
    <subfield code="a">261 pages 24 cm.</subfield>
  </datafield>
  <datafield tag="505" ind1=" " ind2=" ">
    <subfield code="a">Sensitivity: stigma or superpower? &#x2014;

The sensitive boost effect &#x2014;

The five gifts of sensitivity &#x2014;

Too much, too loud, too fast &#x2014;

The pain of empathy &#x2014;

Full-hearted love &#x2014;

Raising a sensitive generation &#x2014;

More than just a paycheck &#x2014;

The sensitive revolution.</subfield>
  </datafield>
  <datafield tag="520" ind1=" " ind2=" ">
    <subfield code="a">"Everyone has a sensitive side, but nearly 1 in 3 people have the genes to be more sensitive than others--both physically and emotionally. These are the people who pause before speaking and think before acting; they tune into subtle details and make connections that others miss. They tend to be intelligent, big-hearted, and wonderfully creative; they are wired to go deep, yet society tells them to hide the very sensitivity that makes them this way. These are the world's "highly sensitive people," and Sensitive is the book that champions them. By the creators of the world's largest community for sensitive people, Sensitive teaches us how to unlock the potential in this undervalued strength and leverage it across the most important areas of our lives: in friendships and relationships, the workplace, leadership, and parenting. Through fascinating research and expert storytelling, Jenn Granneman and Andre S&#xF3;lo show readers that the way to thrive as a sensitive person is not to hide their sensitivity, but to embrace it--and they demonstrate how to do that in each area of life. Weaving together actionable advice, relatable anecdotes, and the latest scientific research, Sensitive shows readers how leaning in to their sensitivity unlocks a powerful "boost effect" to launch them ahead in life. It hands them the tools and insights they need to thrive as a sensitive person in a loud, fast, too-much world. A powerfully validating, destigmatizing, and practical book, Sensitive plants a gently fluttering flag in the ground for sensitive people everywhere. This inspiring book has the power to change--once and for all--how we see sensitive people, and how they see themselves"--Publisher's description.</subfield>
  </datafield>
  <datafield tag="650" ind1=" " ind2="0">
    <subfield code="a">Sensitivity (Personality trait)</subfield>
    <subfield code="9">25401</subfield>
  </datafield>
  <datafield tag="650" ind1=" " ind2="0">
    <subfield code="a">Success Psychological aspects</subfield>
    <subfield code="9">11199</subfield>
  </datafield>
  <datafield tag="700" ind1=" " ind2=" ">
    <subfield code="a">S&#xF3;lo, Andre</subfield>
    <subfield code="9">25402</subfield>
  </datafield>
  <datafield tag="942" ind1=" " ind2=" ">
    <subfield code="2">lcc</subfield>
  </datafield>
  <datafield tag="952" ind1=" " ind2=" ">
    <subfield code="0">0</subfield>
    <subfield code="1">0</subfield>
    <subfield code="2">lcc</subfield>
    <subfield code="4">0</subfield>
    <subfield code="7">0</subfield>
    <subfield code="a">TBS</subfield>
    <subfield code="b">TBS</subfield>
    <subfield code="d">2025-06-12</subfield>
    <subfield code="l">0</subfield>
    <subfield code="o">BF698.35 GRA</subfield>
    <subfield code="p">B07547</subfield>
    <subfield code="r">2025-06-12</subfield>
    <subfield code="t">1</subfield>
    <subfield code="w">2025-06-12</subfield>
    <subfield code="y">1</subfield>
  </datafield>
  <datafield tag="999" ind1=" " ind2=" ">
    <subfield code="c">4724</subfield>
    <subfield code="d">4724</subfield>
  </datafield>
</record>
